Подробности
| 000 -МАРКЕР |
| контрольное поле |
01541nam2a2200265 4500 |
| 001 - ИДЕНТИФИКАТОР ЗАПИСИ |
| контрольное поле |
RU\NLR\BIBL_A\011286118 |
| 005 - ИДЕНТИФИКАТОР ВЕРСИИ |
| контрольное поле |
20250626035924.0 |
| 010 ## - МЕЖДУНАРОДНЫЙ СТАНДАРТНЫЙ НОМЕР КНИГИ (ISBN) |
| Номер (ISBN) |
978-5-98657-048-8 |
| Уточнения |
т. 4 |
| 021 ## - НОМЕР ГОСУДАРСТВЕННОЙ РЕГИСТРАЦИИ |
| Код страны |
российская федерация |
| Номер |
2016-87816 |
| Номер Листа государственной регистраци |
5769 |
| 035 ## - ДРУГИЕ СИСТЕМНЫЕ НОМЕРА |
| Идентификатор записи |
(NLR Aleph) 011286118 |
| 100 ## - ДАННЫЕ ОБЩЕЙ ОБРАБОТКИ |
| Данные общей обработки |
20161202d2015 |||y0rusy50 ca |
| 101 1# - ЯЗЫК РЕСУРСА |
| Язык текста, звукозаписи и т.д. |
русский |
| Язык оригинала |
английский |
| 102 ## - СТРАНА ПУБЛИКАЦИИ ИЛИ ПРОИЗВОДСТВА |
| Страна публикации |
российская федерация |
| 105 ## - ПОЛЕ КОДИРОВАННЫХ ДАННЫХ: ТЕКСТОВЫЕ МАТЕРИАЛЫ, МОНОГРАФИЧЕСКИЕ |
| Кодированные данные о монографическом текстовом документе |
ab z 001zy |
| 200 0# - ЗАГЛАВИЕ И СВЕДЕНИЯ ОБ ОТВЕТСТВЕННОСТИ |
| Основное заглавие |
Т. 4, ч. 8, 9, 10, гл. 61-89 |
| Первые сведения об ответственности |
[Peter Libby и др. |
| Последующие сведения об ответственности |
пер. с англ.: Аверкова А.О. и др.] |
| 210 ## - ПУБЛИКАЦИЯ, РАСПРОСТРАНЕНИЕ И ДР. |
| Место издания, распространения и т.д. |
Москва |
| Имя издателя, распространителя и т. д. |
Логосфера |
| Дата издания, распространения и т.д. |
2015 |
| 215 ## - ФИЗИЧЕСКАЯ ХАРАКТЕРИСТИКА |
| Специфическое обозначение материала и объем |
XXVI, 1755-2489, К-2, П-42 |
| Другие сведения о физической характеристике |
ил., цв. ил., карт. |
| 320 ## - ПРИМЕЧАНИЯ О НАЛИЧИИ В ДОКУМЕНТЕ БИБЛИОГРАФИИ / УКАЗАТЕЛЯ |
| Текст примечания |
Библиогр. в конце гл. |
| 320 ## - ПРИМЕЧАНИЯ О НАЛИЧИИ В ДОКУМЕНТЕ БИБЛИОГРАФИИ / УКАЗАТЕЛЯ |
| Текст примечания |
Предм. указ.: с. П-1-П-42 |
| 461 #0 - УРОВЕНЬ НАБОРА |
| Встроенное поле |
001RU\NLR\bibl\1785115 |
| -- |
2001#$aБолезни сердца по Браунвальду$eруководство по сердечно-сосудистой медицине$f[Stephan Achenbach и др.]$gпод ред. Питера Либби [и др.]$gпер. с англ. [Галявич А.С. и др.]$gпод общ. ред. Оганова Рафаэля Гегамовича$vТ. 4, ч. 8, 9, 10, гл. 61-89 |
| Системный номер (АБИС) связанной записи |
1666650 |
| Место публикации |
Москва |
| Дата публикации |
2010 |
| Первые сведения об ответственности |
[Stephan Achenbach и др.] |
| Имя издателя, распространителя и т.д. |
Рид Элсивер |
| Сведения, относящиеся к заглавию |
руководство по сердечно-сосудистой медицине |
| Заглавие |
Болезни сердца по Браунвальду |
| Номер тома |
Т. 4, ч. 8, 9, 10, гл. 61-89 |
| 942 ## - ДОПОЛНИТЕЛЬНЫЕ ЭЛЕМЕНТЫ ЗАПИСИ (АБИС) |
| Тип экземпляра АБИС |
Книга |
| 980 ## - КОЛЛЕКЦИЯ |
| Название коллекции |
Национальная библиография |